| 000 | 01016nam a2200241 i 4500 | ||
|---|---|---|---|
| 001 | 62456 | ||
| 003 | ES-MaACL | ||
| 005 | 20250804062558.0 | ||
| 007 | t| | ||
| 008 | 031121s1968 sp ||||1| spa d | ||
| 100 | 1 |
_aFernández Almagro, Melchor, _d1893-1966 _949447 |
|
| 245 | 1 | 0 |
_aHistoria política de la España contemporánea _b: 1868-1902 / _cMelchor Fernández Almagro. |
| 260 |
_aMadrid : _bAlianza, _c[1968] |
||
| 300 |
_a3 v. ; _c18 cm. |
||
| 490 | 1 |
_aEl libro de bolsillo. Sección humanidades ; _v107, 117, 120 |
|
| 505 | 8 | _aContiene: 1. 1868-1885 (503 p.) -- 2. 1885-1897 (455 p.) -- 3. 1897-1902 (348 p.) | |
| 651 | 4 |
_aEspaña- _xHistoria- _y1868-1874, Sexenio revolucionario _98260 |
|
| 651 | 4 |
_aEspaña- _xHistoria- _y1874-1885, Alfonso XII. _98265 |
|
| 651 | 4 |
_aEspaña- _xHistoria- _y1885-1902, Regencia de Maria Cristina de Habsburgo. _98270 |
|
| 830 | 0 | 3 |
_aEl libro de bolsillo. _pHumanidades _v107, 117, 120 _9178672 |
| 852 |
_aES-MaACL _jL-4404-6 _bR.65526 |
||
| 999 |
_c62456 _d62456 |
||